01199cam a2200265 a 450000100100000000500170001000800410002704000250006808200180009310000430011124501320015426000390028630000190032550000380034450400660038250500370044865100480048565100480053365100290058170000320061070000340064295201210067695201210079799900150091800000167220200929145645.0701012s1968 nyu b 001 0 eng  aDO-SdBNPbspacBNPHU a973.08bS236a1 aDe Santis, Vincent P.d1877-19209543410aAmerica past and present :ban interpretation with readings /cVincent P. De Santis, J. Joseph Huthmacher, Benjamin W. Labaree. aBoston :bAllyn and Bacon.,c1968. a2 v. ;c21 cm. aLa biblioteca posee el volumen 2. aIncluye referencias bibliográficas al pie de las páginas.0 av. 1. To 1877.--v. 2. desde 1865 4aEstados UnidosxHistoriaxColecciones95435 4aEstados UnidosxPolítica Y Gobierno95436 4aAméricaxHistoria98651 aHuthmacher, J. Joseph954371 aLabaree, Benjamin Woods95438 001052708MOaGRbGRcHDd2009-07-08iLF1l0o973.08 S236ap1672-10r2020-06-25w2020-06-25y2ZPréstamo interno 001150718MOaGRbGRcMId2017-04-19iLF1l0o973.08 S236ap1672-20r2020-06-25te. 2w2020-06-25y1ZNo se presta c1553d1553